[Event "75th ARM-ch Women 2020"]
[Site "Yerevan"]
[Date "2020.01.14"]
[Round "3.5"]
[White "Ambarjyan, Tereza"]
[Black "Hakobyan, Astghik"]
[Result "1/2-1/2"]
[WhiteElo "1514"]
[BlackElo "1917"]
[Annotator "NA"]
[PlyCount "173"]
[EventDate "2020.01.12"]
[EventType "tourn"]
[EventCountry "ARM"]
[SourceTitle "playchess.com"]
[Source "ChessBase"]
[SourceQuality "1"]
[TimeControl "40/5400+30:1800+30"]

1. e4 {[%emt 0:00:00]} e6 {[%emt 0:00:00]} 2. d4 {[%emt 0:00:00]} d5 {[%emt 0:00:04]} 3. exd5 {[%emt 0:00:00]} exd5 {[%emt 0:00:07]} 4. Nf3 {[%emt 0:00:00]} Bd6 {[%emt 0:00:25]} 5. c4 {[%emt 0:00:06]} c6 {[%emt 0:04:02]} 6. Nc3 {[%emt 0:01:15]} Ne7 {[%emt 0:02:04]} 7. h3 {[%emt 0:07:37] C01: French: Exchange Variation} (7. Bd3 dxc4 8. Bxc4 O-O 9. h3 Nd7 10. O-O Nb6 11. Bb3 Ned5 12. Re1 Bf5 13. Ne5 Bxe5 14. Rxe5 Qd7 15. Qf3 {1-0 (44) Carlsen,M (2832)-Jobava,B (2707) Leuven 2017}) 7... O-O {[%emt 0:01:00]} 8. Be2 {[%emt 0:01:44]} Bf5 $146 {[%emt 0:03:29]} ({Predecessor:} 8... h6 9. O-O Be6 10. cxd5 Nxd5 11. Re1 Nd7 12. Ne4 Be7 13. Ne5 Nxe5 14. dxe5 {0-1 (30) Pires,G (2145)-Berg,E (2539) Porto 2013}) 9. O-O {[%emt 0:00:45]} h6 {[%emt 0:04:55]} 10. Ne5 {[%emt 0:08:47]} Bxe5 {[%emt 0:07:28]} 11. dxe5 {[%emt 0:00:21]} d4 {[%emt 0:00:10]} 12. Nb1 {[%emt 0:04:49]} Ng6 {[%emt 0:03:56]} (12... d3 $15 13. Bg4 Qd4) 13. f4 $1 {[%emt 0:03:03]} d3 {[%emt 0:12:06]} 14. Bg4 {[%emt 0:06:55]} Qd4+ {[%emt 0:10:09]} 15. Kh2 {[%emt 0:01:19]} Bxg4 {[%emt 0:02:10]} 16. Qxg4 {[%emt 0:01:02]} Qxc4 {[%emt 0:00:32]} 17. Nd2 {[%emt 0:03:27]} Qd5 {[%emt 0:02:21]} 18. Nf3 {[%emt 0:03:34]} Nd7 {[%emt 0:01:46]} 19. h4 {[%emt 0:08:32]} Rad8 {[%emt 0:10:11]} 20. Bd2 {[%emt 0:02:27]} Rfe8 {[%emt 0:15:18]} (20... Ne7 $17 21. b4 Rfe8) 21. h5 {[%emt 0:04:37]} Ne7 {[%emt 0:01:11]} 22. Rfe1 {[%emt 0:06:13]} Qe6 {[%emt 0:01:30]} (22... f5 $17 23. Qh4 c5) 23. Qh4 {[%emt 0:01:38]} ({Better is} 23. Qxe6 $15 fxe6 24. Rac1) 23... Nb6 {[%emt 0:03:20]} 24. b3 {[%emt 0:01:10]} Nf5 {[%emt 0:01:19]} 25. Qf2 {[%emt 0:00:17]} Qd5 {[%emt 0:00:18]} 26. Rad1 {[%emt 0:04:34]} Nd4 {[%emt 0:06:11]} (26... c5 $17) 27. Nh4 {[%emt 0:01:02]} (27. Nxd4 $1 $11 {remains equal.} Qxd4 28. Qxd4 Rxd4 29. Kg3) 27... Nd7 {[%emt 0:04:04]} 28. Qg3 {[%emt 0:00:44]} Ne2 {[%emt 0:01:38]} 29. Qg4 {[%emt 0:01:55]} Nxe5 {[%emt 0:01:11]} 30. fxe5 {[%emt 0:01:59]} Qxe5+ {[%emt 0:00:01]} 31. g3 {[%emt 0:01:58]} Qd4 {[%emt 0:01:21]} 32. Qxd4 {[%emt 0:03:11]} Rxd4 {[%emt 0:00:02]} 33. Ng2 {[%emt 0:06:18]} Re6 {[%emt 0:01:26]} 34. Nf4 {[%emt 0:04:09]} Nxf4 {[%emt 0:00:34]} 35. Bxf4 {[%emt 0:00:13]} Rd5 {[%emt 0:00:31]} 36. Rxe6 {[%emt 0:01:11]} fxe6 {[%emt 0:00:07]} 37. g4 {[%emt 0:01:43]} c5 {[%emt 0:00:32]} 38. Kg3 {[%emt 0:00:54]} b5 {[%emt 0:00:26]} 39. Kf3 {[%emt 0:00:34]} c4 {[%emt 0:00:38]} 40. Bd2 {[%emt 0:00:00]} Kf7 {[%emt 0:00:00]} 41. Bc3 {[%emt 0:03:35]} (41. bxc4 $18 {has better winning chances.} bxc4 42. Ke4) 41... g6 {[%emt 0:09:05]} 42. hxg6+ {[%emt 0:03:38]} Kxg6 {[%emt 0:00:02]} 43. Rd2 {[%emt 0:02:00]} h5 {[%emt 0:04:39]} 44. gxh5+ {[%emt 0:02:36]} Rxh5 {[%emt 0:00:23]} 45. Ke4 {[%emt 0:01:28]} Rd5 {[%emt 0:07:55]} 46. Rf2 {[%emt 0:01:50]} Kg5 {[%emt 0:06:09]} 47. Ke3 {[%emt 0:04:22]} Rd6 {[%emt 0:02:25]} ({Black should try} 47... Rd7) 48. Bd2 {[%emt 0:08:09]} Kg6 {[%emt 0:01:08]} 49. Bc3 {[%emt 0:04:25]} Kg5 {[%emt 0:02:40]} 50. Rf8 {[%emt 0:05:54]} ({White should play} 50. bxc4 bxc4 51. Rg2+ Kf5 52. Rf2+ Kg5 53. a4) 50... Ra6 $11 {[%emt 0:01:12]} 51. Rg8+ {[%emt 0:02:11]} Kf5 {[%emt 0:00:32] [#]} (51... Kh6 $16 {might work better.}) 52. Rf8+ $2 {[%emt 0:00:05]} ({White must play} 52. Rb8 $1 $18) 52... Kg6 {[%emt 0:00:07]} 53. Rg8+ {[%emt 0:00:06]} Kf7 {[%emt 0:00:28]} 54. Rg7+ {[%emt 0:00:19]} Ke8 {[%emt 0:00:45]} 55. Rg2 {[%emt 0:03:08]} Kd7 {[%emt 0:00:36]} 56. Kd4 {[%emt 0:01:41]} Rd6+ {[%emt 0:00:37]} 57. Kc5 {[%emt 0:01:06]} Rd5+ {[%emt 0:00:39]} 58. Kb4 {[%emt 0:00:18]} a5+ {[%emt 0:00:28]} (58... cxb3 $11 {keeps the balance.} 59. axb3 (59. Kxb3 e5 $14) 59... e5) 59. Kxa5 {[%emt 0:00:42]} cxb3 {[%emt 0:00:26]} 60. axb3 {[%emt 0:01:02]} e5 {[%emt 0:00:11]} 61. Bd2 $16 {[%emt 0:00:35]} e4 {[%emt 0:00:28]} 62. Kb4 {[%emt 0:00:24]} Ke6 {[%emt 0:00:37]} 63. Be3 {[%emt 0:00:36]} Rf5 {[%emt 0:00:15]} 64. Kc3 {[%emt 0:00:34]} Rf3 {[%emt 0:00:42]} 65. Kd4 {[%emt 0:00:45]} Rf1 {[%emt 0:00:26]} 66. Kxe4 {[%emt 0:00:34]} Rb1 {[%emt 0:00:08]} 67. Kxd3 {[%emt 0:00:13]} Rxb3+ {[%emt 0:00:05]} 68. Ke4 {[%emt 0:00:44]} Rb1 {[%emt 0:00:24]} 69. Rg6+ {[%emt 0:00:10]} Kf7 {[%emt 0:00:11]} 70. Rb6 {[%emt 0:00:11]} Ke7 {[%emt 0:00:27]} 71. Kd5 {[%emt 0:00:05]} Rb3 {[%emt 0:01:10]} 72. Bd4 {[%emt 0:00:09]} Kf7 {[%emt 0:00:22]} 73. Ke5 {[%emt 0:00:29]} Rb1 {[%emt 0:00:14]} 74. Rf6+ {[%emt 0:01:41]} Ke7 {[%emt 0:01:21]} 75. Kd5 {[%emt 0:00:29]} b4 {[%emt 0:00:33]} 76. Rb6 {[%emt 0:00:45]} Kf7 {[%emt 0:00:11]} 77. Rb7+ {[%emt 0:00:30]} Kg6 {[%emt 0:00:15]} 78. Ke4 {[%emt 0:00:05]} b3 {[%emt 0:00:25]} 79. Rg7+ {[%emt 0:00:22]} Kh6 {[%emt 0:00:19]} 80. Rg2 {[%emt 0:00:19]} Kh7 {[%emt 0:01:46]} 81. Kd3 {[%emt 0:01:07]} Kh6 {[%emt 0:00:34]} 82. Bb2 {[%emt 0:00:15]} Rh1 {[%emt 0:00:25]} 83. Rg3 {[%emt 0:00:39]} Kh5 {[%emt 0:00:11]} 84. Kc3 {[%emt 0:00:34]} Kh4 {[%emt 0:00:11]} 85. Rg8 {[%emt 0:01:03]} Rh3+ {[%emt 0:00:05]} 86. Kc4 {[%emt 0:00:14]} Rg3 {[%emt 0:00:17]} 87. Kd4 1/2-1/2

[Event "75th ARM-ch Women 2020"]
[Site "Yerevan"]
[Date "2020.01.15"]
[Round "4.1"]
[White "Avetisyan, Mariam"]
[Black "Gevorgyan, Maria"]
[Result "0-1"]
[WhiteElo "2163"]
[BlackElo "2187"]
[Annotator "ChessBase"]
[PlyCount "78"]
[EventDate "2020.01.12"]
[EventType "tourn"]
[EventCountry "ARM"]
[SourceTitle "playchess.com"]
[Source "ChessBase"]
[SourceQuality "1"]
[TimeControl "40/5400+30:1800+30"]

1. d4 {[%emt 0:00:00]} Nf6 {[%emt 0:01:10]} 2. Nf3 {[%emt 0:00:00]} g6 {[%emt 0:00:12]} 3. Bf4 {[%emt 0:00:07]} d6 {[%emt 0:00:33]} 4. h3 {[%emt 0:00:11]} Bg7 {[%emt 0:00:05]} 5. e3 {[%emt 0:00:05]} O-O {[%emt 0:00:25]} 6. Be2 {[%emt 0:00:47]} Nc6 {[%emt 0:00:13]} 7. O-O {[%emt 0:02:37]} e5 {[%emt 0:00:45]} 8. Bh2 {[%emt 0:04:03]} Ne4 {[%emt 0:06:26]} 9. c3 {[%emt 0:05:42]} Qe7 {[%emt 0:13:26]} 10. Na3 {[%emt 0:25:18]} Kh8 {[%emt 0:15:47]} 11. Nc4 {[%emt 0:06:50]} f5 {[%emt 0:03:47]} 12. Re1 {[%emt 0:21:21]} g5 {[%emt 0:01:15]} 13. Nfd2 {[%emt 0:08:39]} Nf6 {[%emt 0:11:27]} 14. b4 {[%emt 0:07:19]} e4 {[%emt 0:01:19]} 15. Qa4 {[%emt 0:07:38]} Bd7 {[%emt 0:03:50]} 16. Qa3 {[%emt 0:02:37]} Qf7 {[%emt 0:06:29]} 17. Rf1 {[%emt 0:03:43]} Qg6 {[%emt 0:00:48]} 18. Qc1 {[%emt 0:00:49]} h5 {[%emt 0:03:07]} 19. Kh1 {[%emt 0:00:18]} Bh6 {[%emt 0:02:23]} 20. Nb3 {[%emt 0:00:37]} h4 {[%emt 0:02:50]} 21. b5 {[%emt 0:00:45]} Ne7 {[%emt 0:00:22]} 22. Nb2 {[%emt 0:00:23]} Rg8 {[%emt 0:00:30]} 23. Rg1 {[%emt 0:00:49]} Rg7 {[%emt 0:05:49]} 24. c4 {[%emt 0:00:35]} g4 {[%emt 0:04:21]} 25. Bf4 {[%emt 0:00:13]} Bxf4 {[%emt 0:00:32]} 26. exf4 {[%emt 0:00:02]} Rag8 {[%emt 0:00:25]} 27. c5 {[%emt 0:00:43]} Qh6 {[%emt 0:01:17]} 28. Nc4 {[%emt 0:00:54]} gxh3 {[%emt 0:03:24]} 29. cxd6 {[%emt 0:00:46]} hxg2+ {[%emt 0:01:56]} 30. Kh2 {[%emt 0:00:03]} cxd6 {[%emt 0:00:04]} 31. Nxd6 {[%emt 0:00:50]} Nfd5 {[%emt 0:00:01]} 32. Nxb7 {[%emt 0:00:31]} Qxf4+ {[%emt 0:01:58]} 33. Qxf4 {[%emt 0:00:04]} Nxf4 {[%emt 0:00:03]} 34. Bf1 {[%emt 0:01:09]} gxf1=Q {[%emt 0:00:55]} 35. Raxf1 {[%emt 0:00:03]} Rg2+ {[%emt 0:01:12]} 36. Rxg2 {[%emt 0:00:56]} Rxg2+ {[%emt 0:00:05]} 37. Kh1 {[%emt 0:00:02]} Bxb5 {[%emt 0:00:07]} 38. Rg1 {[%emt 0:00:18]} h3 {[%emt 0:00:41]} 39. N3a5 {[%emt 0:00:56]} Be2 {[%emt 0:00:28]} 0-1

[Event "75th ARM-ch Women 2020"]
[Site "Yerevan"]
[Date "2020.01.15"]
[Round "4.2"]
[White "Khachatryan, Anna"]
[Black "Ambarjyan, Tereza"]
[Result "1-0"]
[WhiteElo "2051"]
[BlackElo "1514"]
[Annotator "NA"]
[PlyCount "57"]
[EventDate "2020.01.12"]
[EventType "tourn"]
[EventCountry "ARM"]
[SourceTitle "playchess.com"]
[Source "ChessBase"]
[SourceQuality "1"]
[TimeControl "40/5400+30:1800+30"]

{[%evp 8,54,9,-8,4,-14,32767,32767,32767,32767,32767,32767,32767,32767,32767,32767,32767,32767,-5,-12,3,-22,24,0,0,0,0,-195,0,0,64,32767,32767,32767,32767,271,32767,32767,32767,612,260,314,393,425,404,437,656,677,1313]} 1. Nf3 {[%emt 0:00:00]} Nf6 {[%emt 0:00:00]} 2. g3 {[%emt 0:00:00]} e6 {[%emt 0:00:23]} 3. Bg2 {[%emt 0:00:00]} d5 {[%emt 0:00:04]} 4. O-O {[%emt 0:00:31]} Be7 {[%emt 0:00:21]} 5. d3 {[%emt 0:00:07]} O-O {[%emt 0:00:10]} 6. Nbd2 {[%emt 0:00:02]} b6 {[%emt 0:02:47]} 7. e4 {[%emt 0:00:09]} Bb7 {[%emt 0:00:39]} 8. e5 {[%emt 0:00:05]} Nfd7 {[%emt 0:00:38]} 9. Re1 {[%emt 0:00:02]} c5 {[%emt 0:01:38]} 10. Nf1 {[%emt 0:00:08]} Nc6 {[%emt 0:01:05]} 11. h4 {[%emt 0:00:03]} Rc8 {[%emt 0:02:20] C00: French: Unusual White 2nd moves} 12. N1h2 {[%emt 0:00:17]} Re8 {[%emt 0:22:05]} 13. c3 {[%emt 0:08:38]} (13. Bf4 Nf8 14. h5 h6 15. Qd2 Nh7 16. c3 b5 17. Qe2 b4 18. c4 Nd4 19. Nxd4 cxd4 20. b3 {½-½ (82) Kokarev,D (2598)-Shuvalova,P (2441) Khanty-Mansiysk 2018}) 13... b5 {[%emt 0:01:27]} 14. Bf4 {[%emt 0:07:00]} Nb6 $146 {[%emt 0:01:41]} ({Predecessor:} 14... Bf8 15. Ng5 h6 16. Ngf3 b4 17. h5 Ba6 18. Bf1 bxc3 19. bxc3 Qa5 20. Rc1 {0-1 (54) Giffard,N (2390)-Borne,N (2315) Cannes 1995}) 15. Ng5 {[%emt 0:12:29]} h6 {[%emt 0:08:17]} 16. Qh5 {[%emt 0:23:39]} hxg5 {[%emt 0:03:29]} 17. hxg5 {[%emt 0:00:05]} Nd7 {[%emt 0:08:05]} 18. Ng4 $1 {[%emt 0:00:10]} Nf8 {[%emt 0:01:15]} (18... g6 $11 19. Qh4 Bf8) 19. Kh2 {[%emt 0:04:06]} Ng6 {[%emt 0:07:03]} 20. Rh1 {[%emt 0:00:52]} Nxf4 {[%emt 0:15:20]} 21. gxf4 {[%emt 0:00:18]} Bxg5 {[%emt 0:00:04]} 22. fxg5 Kf8 {[%emt 0:03:07]} 23. Qh8+ {[%emt 0:14:48]} Ke7 {[%emt 0:00:06]} 24. Qxg7 {[%emt 0:00:08]} Rh8+ {[%emt 0:01:34]} 25. Kg3 {[%emt 0:00:39]} Rg8 {[%emt 0:01:28]} 26. Qf6+ $18 {[%emt 0:00:44]} Kd7 {[%emt 0:02:17]} (26... Ke8 $142 27. f4 Qe7) 27. Qxf7+ {[%emt 0:01:18]} Ne7 {[%emt 0:01:03]} 28. Nf6+ {[%emt 0:00:50]} Kc6 {[%emt 0:00:09]} 29. Qxe6+ {[%emt 0:00:26]} 1-0

[Event "75th ARM-ch Women 2020"]
[Site "Yerevan"]
[Date "2020.01.15"]
[Round "4.3"]
[White "Hakobyan, Astghik"]
[Black "Gaboyan, Susanna"]
[Result "1/2-1/2"]
[WhiteElo "1917"]
[BlackElo "2205"]
[Annotator "ChessBase"]
[PlyCount "149"]
[EventDate "2020.01.12"]
[EventType "tourn"]
[EventCountry "ARM"]
[SourceTitle "playchess.com"]
[Source "ChessBase"]
[SourceQuality "1"]
[TimeControl "40/5400+30:1800+30"]

1. e4 {[%emt 0:00:00]} c5 {[%emt 0:00:00]} 2. Nf3 {[%emt 0:00:00]} Nc6 {[%emt 0:00:00]} 3. d4 {[%emt 0:00:00]} cxd4 {[%emt 0:00:00]} 4. Nxd4 {[%emt 0:00:00]} Nf6 {[%emt 0:00:00]} 5. Nc3 {[%emt 0:00:01]} e5 {[%emt 0:00:00]} 6. Ndb5 {[%emt 0:00:06]} d6 {[%emt 0:00:01]} 7. Bg5 {[%emt 0:00:09]} a6 {[%emt 0:00:05]} 8. Na3 {[%emt 0:00:14]} b5 {[%emt 0:00:04]} 9. Nd5 {[%emt 0:00:07]} Be7 {[%emt 0:00:05]} 10. Bxf6 {[%emt 0:00:08]} Bxf6 {[%emt 0:00:05]} 11. c4 {[%emt 0:00:07]} Nd4 {[%emt 0:00:05]} 12. cxb5 {[%emt 0:00:10]} Bb7 {[%emt 0:00:06]} 13. Bc4 {[%emt 0:00:21]} axb5 {[%emt 0:00:08]} 14. Nxb5 {[%emt 0:01:05]} Bxd5 {[%emt 0:00:41]} 15. exd5 {[%emt 0:00:41]} Qa5+ {[%emt 0:00:17]} 16. Nc3 {[%emt 0:00:37]} Qb4 {[%emt 0:00:22]} 17. Bb3 {[%emt 0:06:48]} O-O {[%emt 0:00:21]} 18. O-O {[%emt 0:00:19]} Rfb8 {[%emt 0:00:07]} 19. Qd2 {[%emt 0:28:58]} g6 {[%emt 0:21:57]} 20. Ne4 {[%emt 0:15:56]} Be7 {[%emt 0:00:49]} 21. Qxb4 {[%emt 0:02:06]} Rxb4 {[%emt 0:00:03]} 22. Nd2 {[%emt 0:00:19]} Rc8 {[%emt 0:01:53]} 23. Rfd1 {[%emt 0:04:06]} Bg5 {[%emt 0:04:20]} 24. Nf3 {[%emt 0:03:17]} Nxb3 {[%emt 0:00:16]} 25. axb3 {[%emt 0:00:12]} Bh6 {[%emt 0:00:36]} 26. Nd2 {[%emt 0:05:16]} Bxd2 {[%emt 0:01:38]} 27. Rxd2 {[%emt 0:00:28]} Rxb3 {[%emt 0:00:02]} 28. Kf1 {[%emt 0:01:12]} Rb6 {[%emt 0:03:29]} 29. Ke2 {[%emt 0:05:44]} Rc5 {[%emt 0:00:24]} 30. Ra8+ {[%emt 0:07:51]} Kg7 {[%emt 0:00:10]} 31. Rd8 {[%emt 0:00:05]} Rcb5 {[%emt 0:02:26]} 32. Ke1 {[%emt 0:00:14]} Kf6 {[%emt 0:02:23]} 33. Rd7 {[%emt 0:00:55]} h5 {[%emt 0:06:19]} 34. h4 {[%emt 0:06:33]} e4 {[%emt 0:02:21]} 35. Re2 {[%emt 0:06:02]} Rxb2 {[%emt 0:08:25]} 36. Rxb2 {[%emt 0:03:55]} Rxb2 {[%emt 0:00:06]} 37. Rxd6+ {[%emt 0:00:06]} Ke5 {[%emt 0:02:58]} 38. Rd7 {[%emt 0:00:04]} f5 {[%emt 0:01:19]} 39. g3 {[%emt 0:03:02]} Rb5 {[%emt 0:02:54]} 40. Kf1 {[%emt 0:00:00]} Rxd5 {[%emt 0:00:00]} 41. Re7+ {[%emt 0:01:33]} Kf6 {[%emt 0:00:38]} 42. Ra7 {[%emt 0:00:10]} Rd6 {[%emt 0:00:49]} 43. Ra5 {[%emt 0:01:02]} g5 {[%emt 0:04:45]} 44. hxg5+ {[%emt 0:02:41]} Kxg5 {[%emt 0:00:07]} 45. Ra8 {[%emt 0:07:10]} Kg4 {[%emt 0:02:03]} 46. Kg2 {[%emt 0:00:06]} Rg6 {[%emt 0:00:13]} 47. Ra4 {[%emt 0:08:57]} Kg5 {[%emt 0:00:24]} 48. f3 {[%emt 0:05:12]} Re6 {[%emt 0:17:23]} 49. fxe4 {[%emt 0:00:13]} fxe4 {[%emt 0:00:05]} 50. Kf2 {[%emt 0:01:12]} Kg4 {[%emt 0:02:15]} 51. Ra5 {[%emt 0:01:13]} Rf6+ {[%emt 0:05:48]} 52. Ke3 Rf5 {[%emt 0:00:55]} 53. Ra8 {[%emt 0:04:37]} Re5 {[%emt 0:04:03]} 54. Rg8+ {[%emt 0:00:17]} Rg5 {[%emt 0:00:01]} 55. Ra8 {[%emt 0:02:03]} Kxg3 {[%emt 0:04:49]} 56. Kxe4 {[%emt 0:00:01]} h4 {[%emt 0:00:17]} 57. Ra3+ {[%emt 0:00:50]} Kg4 {[%emt 0:01:20]} 58. Ke3 {[%emt 0:00:54]} Kg3 {[%emt 0:04:41]} 59. Ke4+ {[%emt 0:00:54]} Kh2 {[%emt 0:00:05]} 60. Ra8 {[%emt 0:01:33]} Rg3 {[%emt 0:02:18]} 61. Kf4 {[%emt 0:00:45]} h3 {[%emt 0:00:43]} 62. Ra2+ {[%emt 0:00:38]} Rg2 {[%emt 0:00:13]} 63. Ra3 {[%emt 0:01:03]} Rg7 {[%emt 0:00:45]} 64. Ra2+ {[%emt 0:00:39]} Kh1 {[%emt 0:01:06]} 65. Kf3 {[%emt 0:00:23]} Rg2 {[%emt 0:04:28]} 66. Ra1+ {[%emt 0:00:19]} Kh2 {[%emt 0:00:08]} 67. Ra8 {[%emt 0:00:25]} Rb2 {[%emt 0:00:56]} 68. Ra7 {[%emt 0:00:40]} Rb3+ {[%emt 0:00:24]} 69. Kf2 {[%emt 0:00:15]} Rb6 {[%emt 0:00:12]} 70. Rf7 {[%emt 0:00:10]} Kh1 {[%emt 0:00:11]} 71. Rf3 {[%emt 0:00:48]} h2 {[%emt 0:00:26]} 72. Rf7 {[%emt 0:00:04]} Rb2+ {[%emt 0:02:05]} 73. Kf1 {[%emt 0:00:07]} Ra2 {[%emt 0:00:49]} 74. Rf6 {[%emt 0:00:08]} Rf2+ {[%emt 0:00:06]} 75. Kxf2 {[%emt 0:00:06]} 1/2-1/2

[Event "75th ARM-ch Women 2020"]
[Site "Yerevan"]
[Date "2020.01.15"]
[Round "4.4"]
[White "Arakelyan, Nare"]
[Black "Kursova, Maria"]
[Result "1-0"]
[WhiteElo "1913"]
[BlackElo "2241"]
[Annotator "ChessBase"]
[PlyCount "101"]
[EventDate "2020.01.12"]
[EventType "tourn"]
[EventCountry "ARM"]
[SourceTitle "playchess.com"]
[Source "ChessBase"]
[SourceQuality "1"]
[TimeControl "40/5400+30:1800+30"]

1. e4 {[%emt 0:00:00]} c5 {[%emt 0:00:00]} 2. Nf3 {[%emt 0:00:00]} Nc6 {[%emt 0:00:00]} 3. d4 {[%emt 0:00:00]} cxd4 {[%emt 0:00:00]} 4. Nxd4 {[%emt 0:00:00]} Nf6 {[%emt 0:00:10]} 5. Nc3 {[%emt 0:00:06]} e5 {[%emt 0:00:17]} 6. Ndb5 {[%emt 0:00:03]} d6 {[%emt 0:00:16]} 7. Bg5 {[%emt 0:00:37]} a6 {[%emt 0:00:36]} 8. Na3 {[%emt 0:01:58]} b5 {[%emt 0:00:16]} 9. Nd5 {[%emt 0:00:03]} Be7 {[%emt 0:00:33]} 10. Bxf6 {[%emt 0:00:12]} Bxf6 {[%emt 0:00:10]} 11. c3 {[%emt 0:00:01]} Rb8 {[%emt 0:03:07]} 12. Nc2 {[%emt 0:00:39]} Bg5 {[%emt 0:00:51]} 13. a4 {[%emt 0:01:11]} bxa4 {[%emt 0:08:10]} 14. Ncb4 {[%emt 0:02:34]} Nxb4 {[%emt 0:01:27]} 15. Nxb4 {[%emt 0:00:03]} Bb7 {[%emt 0:38:31]} 16. Qxa4+ {[%emt 0:01:19]} Kf8 {[%emt 0:00:11]} 17. Bd3 {[%emt 0:12:22]} g6 {[%emt 0:03:11]} 18. O-O {[%emt 0:00:23]} Kg7 {[%emt 0:00:19]} 19. Rfd1 {[%emt 0:00:47]} Qc7 {[%emt 0:16:21]} 20. f3 {[%emt 0:03:46]} Ra8 {[%emt 0:03:12]} 21. Qa5 {[%emt 0:11:43]} Be3+ {[%emt 0:03:01]} 22. Kh1 {[%emt 0:00:46]} Bb6 {[%emt 0:01:27]} 23. Qa2 {[%emt 0:00:12]} a5 {[%emt 0:05:55]} 24. Nc2 {[%emt 0:03:03]} Bc5 {[%emt 0:07:02]} 25. Bc4 {[%emt 0:00:23]} Rhb8 {[%emt 0:03:38]} 26. Bd5 {[%emt 0:02:15]} Ra7 {[%emt 0:00:42]} 27. Na3 {[%emt 0:02:19]} Bc8 {[%emt 0:01:20]} 28. Nc4 {[%emt 0:03:13]} a4 {[%emt 0:00:58]} 29. Qb1 {[%emt 0:00:13]} Bd7 {[%emt 0:00:43]} 30. Qc1 {[%emt 0:02:09]} Bb5 {[%emt 0:00:40]} 31. Ne3 {[%emt 0:01:18]} Bd7 {[%emt 0:00:33]} 32. Ra2 {[%emt 0:01:37]} Bxe3 {[%emt 0:01:19]} 33. Qxe3 {[%emt 0:00:05]} Ra5 {[%emt 0:00:08]} 34. h3 {[%emt 0:01:58]} Rab5 {[%emt 0:00:21]} 35. Rd2 {[%emt 0:00:41]} Qc5 {[%emt 0:00:53]} 36. Qd3 {[%emt 0:02:22]} R5b6 {[%emt 0:00:15]} 37. Qf1 {[%emt 0:01:20]} a3 {[%emt 0:00:34]} 38. b3 {[%emt 0:04:47]} Qxc3 {[%emt 0:00:24]} 39. Rdc2 {[%emt 0:00:02]} Qb4 {[%emt 0:01:22]} 40. Rc7 {[%emt 0:00:00]} Be8 {[%emt 0:00:00]} 41. Ra7 {[%emt 0:02:04]} Rc8 {[%emt 0:05:16]} 42. f4 {[%emt 0:01:42]} exf4 {[%emt 0:10:29]} 43. Qxf4 {[%emt 0:00:30]} Qc3 {[%emt 0:04:53]} 44. Kh2 {[%emt 0:03:37]} Rc7 {[%emt 0:00:37]} 45. R2xa3 {[%emt 0:02:01]} Qc5 {[%emt 0:06:47]} 46. Ra2 {[%emt 0:02:43]} Rb8 {[%emt 0:01:53]} 47. R7a5 {[%emt 0:00:18]} Qb4 {[%emt 0:00:34]} 48. Ra6 {[%emt 0:01:24]} Rd8 {[%emt 0:02:35]} 49. Rf2 {[%emt 0:00:28]} Kg8 {[%emt 0:01:33]} 50. Qf6 {[%emt 0:01:10]} Rcd7 {[%emt 0:00:06]} 51. Bc6 {[%emt 0:01:28]} 1-0

[Event "75th ARM-ch Women 2020"]
[Site "Yerevan"]
[Date "2020.01.15"]
[Round "4.5"]
[White "Ghukasyan, Siranush"]
[Black "Khachatryan, Veronika"]
[Result "1-0"]
[WhiteElo "2246"]
[BlackElo "1905"]
[Annotator "ChessBase"]
[PlyCount "65"]
[EventDate "2020.01.12"]
[EventType "tourn"]
[EventCountry "ARM"]
[SourceTitle "playchess.com"]
[Source "ChessBase"]
[SourceQuality "1"]
[TimeControl "40/5400+30:1800+30"]

1. e4 {[%emt 0:00:00]} c5 {[%emt 0:00:00]} 2. Nf3 {[%emt 0:00:00]} Nc6 {[%emt 0:00:00]} 3. Bb5 {[%emt 0:00:00]} g6 {[%emt 0:00:00]} 4. Bxc6 {[%emt 0:00:00]} dxc6 {[%emt 0:00:00]} 5. d3 {[%emt 0:00:00]} Bg7 {[%emt 0:00:00]} 6. h3 {[%emt 0:00:02]} Nf6 {[%emt 0:00:00]} 7. Nc3 {[%emt 0:00:10]} Nd7 {[%emt 0:00:05]} 8. Be3 {[%emt 0:00:07]} e5 {[%emt 0:00:09]} 9. Qd2 {[%emt 0:00:06]} h6 {[%emt 0:00:37]} 10. O-O {[%emt 0:00:47]} Qe7 {[%emt 0:00:13]} 11. Nh2 {[%emt 0:00:26]} Nf8 {[%emt 0:00:29]} 12. f4 {[%emt 0:00:12]} exf4 {[%emt 0:00:56]} 13. Bxf4 {[%emt 0:00:05]} Ne6 {[%emt 0:00:53]} 14. Bg3 {[%emt 0:00:15]} Nd4 {[%emt 0:01:46]} 15. Rae1 {[%emt 0:01:12]} O-O {[%emt 0:09:43]} 16. e5 {[%emt 0:04:42]} Bf5 {[%emt 0:00:58]} 17. Ne4 {[%emt 0:02:53]} Bxe4 {[%emt 0:18:42]} 18. Rxe4 {[%emt 0:00:13]} h5 {[%emt 0:01:55]} 19. Bh4 {[%emt 0:06:48]} Qd7 {[%emt 0:11:20]} 20. Bf6 {[%emt 0:06:35]} Rae8 {[%emt 0:02:44]} 21. g4 {[%emt 0:04:59]} h4 {[%emt 0:21:46]} 22. c3 {[%emt 0:03:36]} Nb5 {[%emt 0:00:52]} 23. Nf3 {[%emt 0:04:14]} Nc7 {[%emt 0:16:14]} 24. Nxh4 {[%emt 0:02:28]} Re6 {[%emt 0:02:04]} 25. Rf3 {[%emt 0:29:20]} Ne8 {[%emt 0:04:08]} 26. g5 {[%emt 0:01:32]} Qd5 {[%emt 0:02:35]} 27. c4 {[%emt 0:01:19]} Qd7 {[%emt 0:00:04]} 28. Ng2 {[%emt 0:00:25]} Nc7 {[%emt 0:01:42]} 29. Qf2 {[%emt 0:00:54]} b6 {[%emt 0:02:01]} 30. Qh4 {[%emt 0:00:20]} Rfe8 {[%emt 0:00:20]} 31. Bxg7 {[%emt 0:01:42]} Kxg7 {[%emt 0:00:02]} 32. Qh6+ {[%emt 0:00:10]} Kg8 {[%emt 0:00:05]} 33. Rh4 {[%emt 0:00:15]} 1-0